| 000 | 01199cam a2200145 4500500 | ||
|---|---|---|---|
| 005 | 20251012001124.0 | ||
| 041 | _afre | ||
| 042 | _adc | ||
| 100 | 1 | 0 |
_aPicq, Jean _eauthor |
| 700 | 1 | 0 |
_a Cusset, Yves _eauthor |
| 245 | 0 | 0 | _aPhilosophies politiques pour notre temps : Un parcours européen |
| 260 |
_bOdile Jacob,
_c2005. |
||
| 520 | _aMondialisation, européanisation, décentralisation, retour de la violence extrême, exclusion sociale : les vieux concepts comme ceux de souveraineté nationale sont ébranlés et, de nouveau, nous nous posons les questions centrales du politique. Comment vivre ensemble ? Quel fondement pour l’autorité ? Où commence et comment retrouver le contrôle de nos vies ? De Carl Schmitt et Léo Strauss, Karl Jaspers et Hannah Arendt, Raymond Aron et Maurice Merleau-Ponty, Michel Foucault et Emmanuel Lévinas, à Jan Patocka, Jürgen Habermas, Paul Ricœur, Toni Negri ou encore Giorgio Agamben, voici un parcours initiatique à travers la pensée politique européenne, si riche en enseignements pour notre temps. | ||
| 856 | 4 | 1 | _uhttps://shs.cairn.info/philosophies-politiques-pour-notre-temps--9782738116079?lang=fr&redirect-ssocas=7080 |
| 999 |
_c1512328 _d1512328 |
||